Extrusion TRP in food industry /
Elmentve itt :
| Szerzők: | |
|---|---|
| Dokumentumtípus: | Prezentáció |
| Megjelent: |
2020
|
| Kulcsszavak: | extrusion extruders food |
| Tárgyszavak: | |
| Online Access: | http://eta.bibl.u-szeged.hu/3184 |
| LEADER | 00673nnm a2200205 i 4500 | ||
|---|---|---|---|
| 001 | eta3184 | ||
| 005 | 20200721081839.0 | ||
| 008 | 200721s2020 hu o 0|| eng d | ||
| 040 | |a SZTE Elektronikus Tananyag Archívum |b hun | ||
| 041 | |a eng | ||
| 100 | 1 | |a Beszédes Sándor | |
| 245 | 1 | 0 | |a Extrusion |h [elektronikus dokumentum] : |b TRP in food industry / |c Beszédes Sándor |
| 260 | |c 2020 | ||
| 516 | |a Presentation | ||
| 650 | 4 | |a Műszaki és technológiai tudományok | |
| 695 | |a extrusion | ||
| 695 | |a extruders | ||
| 695 | |a food | ||
| 700 | 0 | 1 | |a Jákói Zoltán |e aut |
| 856 | 4 | 0 | |u https://eta.bibl.u-szeged.hu/3184/1/Extrusion%20-TRP%20in%20food%20industry.pdf |z Dokumentum-elérés |